000 00515nam a2200205Ia 4500
003 OSt
005 20230608091703.0
008 210423s2012 xx 000 0 und d
020 _a978-81-316-0512-7
040 _cAL
041 _aeng
082 _a362.1 CHAT
100 _aCHAUDHARY (S N).
_9122043
245 _aTribal health and nutrition.
260 _aNew Delhi
_bRawat Publications
_c2012
300 _axiv,338
_bPB
365 _b895
_cINR
906 _ahealth ; nutrition. ; Tribal
942 _2ddc
_cBK
999 _c176285
_d176285